| 000 | 00383nam a2200145Ia 4500 | ||
|---|---|---|---|
| 008 | 221030s9999 xx 000 0 und d | ||
| 020 | _a9382609391 | ||
| 041 | _aEnglish | ||
| 100 | _aR. S. Salaria | ||
| 245 | 0 |
_aMastering Object - Oriented Programming With C++ _cby R. S. Salaria |
|
| 260 |
_bKhanna Pub. _aNew Delhi _c2016 |
||
| 300 | _a469 | ||
| 650 | _aComputers | ||
| 942 | _cBK | ||
| 999 |
_c17153 _d17153 |
||